[Event "DVM U16w 2023"]
[Site "Magdeburg GER"]
[Date "2023.12.28"]
[Round "4"]
[White "Prokscha, Marlene"]
[Black "Blome, Antonia"]
[Result "1-0"]
[Termination "normal"]
[Board "9.3"]
[WhiteElo "1052"]
[BlackElo "1209"]
[WhiteClock "00:36:08"]
[BlackClock "01:00:01"]
[WhiteTeam "SC Garching 1980 2"]
[BlackTeam "Hamburger SK 1830 2"]
[PlyCount "140"]
[WhiteFideId "34631291"]
[BlackFideId "34630090"]
[EventCountry "GER"]
[EventRounds "7"]
[EventType "team-swiss"]
[EventDate "2023.12.26"]

1. e4 {[%clk 01:30:56]} {[%emt 00:00:03]} e5 {[%clk 01:30:55]} {[%emt
00:00:07]} 2. Nf3 {[%clk 01:31:21]} {[%emt 00:00:06]} Nc6 {[%clk 01:31:18]}
{[%emt 00:00:06]} 3. Bc4 {[%clk 01:31:37]} {[%emt 00:00:13]} Bc5 {[%clk
01:31:14]} {[%emt 00:00:35]} 4. Nc3 {[%clk 01:31:40]} {[%emt 00:00:27]} Nf6
{[%clk 01:31:35]} {[%emt 00:00:09]} 5. d3 {[%clk 01:31:57]} {[%emt 00:00:12]}
h6 {[%clk 01:31:15]} {[%emt 00:00:50]} 6. Be3 {[%clk 01:32:05]} {[%emt
00:00:23]} Bb6 {[%clk 01:31:18]} {[%emt 00:00:27]} 7. O-O {[%clk 01:30:50]}
{[%emt 00:01:45]} d6 {[%clk 01:31:18]} {[%emt 00:00:29]} 8. h3 {[%clk
01:31:04]} {[%emt 00:00:15]} Nd4 {[%clk 01:31:33]} {[%emt 00:00:16]} 9. Bxd4
{[%clk 01:30:19]} {[%emt 00:01:16]} Bxd4 {[%clk 01:30:28]} {[%emt 00:01:35]}
10. Nxd4 {[%clk 01:30:05]} {[%emt 00:00:44]} exd4 {[%clk 01:30:49]} {[%emt
00:00:09]} 11. Nd5 {[%clk 01:29:56]} {[%emt 00:00:39]} c6 {[%clk 01:30:24]}
{[%emt 00:00:55]} 12. Nf4 {[%clk 01:28:44]} {[%emt 00:01:42]} b5 {[%clk
01:29:21]} {[%emt 00:01:32]} 13. Bb3 {[%clk 01:28:08]} {[%emt 00:01:04]} O-O
{[%clk 01:29:05]} {[%emt 00:00:49]} 14. Re1 {[%clk 01:27:34]} {[%emt 00:01:04]}
Re8 {[%clk 01:28:30]} {[%emt 00:01:06]} 15. Qd2 {[%clk 01:22:34]} {[%emt
00:05:30]} Bb7 {[%clk 01:23:58]} {[%emt 00:05:02]} 16. a4 {[%clk 01:21:16]}
{[%emt 00:01:48]} a6 {[%clk 01:24:10]} {[%emt 00:00:17]} 17. axb5 {[%clk
01:20:24]} {[%emt 00:01:23]} axb5 {[%clk 01:24:31]} {[%emt 00:00:08]} 18. Qb4
{[%clk 01:18:30]} {[%emt 00:02:24]} Rxa1 {[%clk 01:16:02]} {[%emt 00:09:00]}
19. Rxa1 {[%clk 01:18:40]} {[%emt 00:00:20]} Qe7 {[%clk 01:16:03]} {[%emt
00:00:26]} 20. Re1 {[%clk 01:15:15]} {[%emt 00:04:00]} Qe5 {[%clk 01:15:30]}
{[%emt 00:00:57]} 21. Ng6 {[%clk 01:13:45]} {[%emt 00:02:05]} Qg5 {[%clk
01:12:35]} {[%emt 00:03:22]} 22. e5 {[%clk 01:05:01]} {[%emt 00:09:18]} dxe5
{[%clk 01:12:41]} {[%emt 00:00:23]} 23. Ne7+ {[%clk 01:05:03]} {[%emt
00:00:29]} Kh7 {[%clk 01:12:09]} {[%emt 00:00:59]} 24. f3 {[%clk 01:02:40]}
{[%emt 00:02:55]} Nd7 {[%clk 01:11:36]} {[%emt 00:00:57]} 25. Nxc6 {[%clk
00:53:29]} {[%emt 00:09:47]} Bxc6 {[%clk 01:10:01]} {[%emt 00:02:06]} 26. Bxf7
{[%clk 00:52:37]} {[%emt 00:01:21]} Qe7 {[%clk 01:10:00]} {[%emt 00:00:28]} 27.
Qb3 {[%clk 00:51:35]} {[%emt 00:01:35]} Rf8 {[%clk 01:09:30]} {[%emt 00:01:01]}
28. Bh5 {[%clk 00:51:04]} {[%emt 00:01:00]} Nf6 {[%clk 01:08:45]} {[%emt
00:01:13]} 29. Bg4 {[%clk 00:50:07]} {[%emt 00:01:29]} h5 {[%clk 01:08:35]}
{[%emt 00:00:41]} 30. Bf5+ {[%clk 00:49:16]} {[%emt 00:01:20]} g6 {[%clk
01:08:53]} {[%emt 00:00:13]} 31. Be4 {[%clk 00:48:50]} {[%emt 00:00:53]} Nxe4
{[%clk 01:08:12]} {[%emt 00:01:13]} 32. dxe4 {[%clk 00:49:06]} {[%emt
00:00:15]} Qf7 {[%clk 01:07:33]} {[%emt 00:01:04]} 33. Qa3 {[%clk 00:48:29]}
{[%emt 00:01:11]} Ra8 {[%clk 01:07:49]} {[%emt 00:00:12]} 34. Qc5 {[%clk
00:47:33]} {[%emt 00:01:09]} Qe6 {[%clk 01:07:26]} {[%emt 00:01:08]} 35. Rd1
{[%clk 00:46:33]} {[%emt 00:01:34]} Rc8 {[%clk 01:04:31]} {[%emt 00:03:21]} 36.
Qa7+ {[%clk 00:44:37]} {[%emt 00:02:31]} Qd7 {[%clk 01:03:01]} {[%emt
00:01:58]} 37. Qxd7+ {[%clk 00:42:23]} {[%emt 00:02:46]} Bxd7 {[%clk 01:03:23]}
{[%emt 00:00:07]} 38. c3 {[%clk 00:42:41]} {[%emt 00:00:11]} Rc4 {[%clk
01:03:09]} {[%emt 00:00:44]} 39. Kh2 {[%clk 00:41:06]} {[%emt 00:02:05]} g5
{[%clk 01:03:07]} {[%emt 00:00:32]} 40. g3 {[%clk 00:40:52]} {[%emt 00:00:44]}
b4 {[%clk 01:03:20]} {[%emt 00:00:17]} 41. cxb4 {[%clk 00:40:25]} {[%emt
00:00:57]} Rxb4 {[%clk 01:03:37]} {[%emt 00:00:12]} 42. Rd2 {[%clk 00:40:33]}
{[%emt 00:00:22]} Rb3 {[%clk 01:02:41]} {[%emt 00:01:27]} 43. Kg2 {[%clk
00:40:14]} {[%emt 00:00:48]} Kg6 {[%clk 01:01:57]} {[%emt 00:01:14]} 44. g4
{[%clk 00:39:10]} {[%emt 00:01:34]} hxg4 {[%clk 01:02:11]} {[%emt 00:00:17]}
45. hxg4 {[%clk 00:39:26]} {[%emt 00:00:12]} Bb5 {[%clk 01:01:45]} {[%emt
00:00:57]} 46. Kf2 {[%clk 00:39:17]} {[%emt 00:00:39]} Kf6 {[%clk 01:01:23]}
{[%emt 00:00:51]} 47. Kg2 {[%clk 00:37:00]} {[%emt 00:02:47]} Ba6 {[%clk
00:56:07]} {[%emt 00:05:46]} 48. Kf2 {[%clk 00:36:03]} {[%emt 00:01:27]} Rb6
{[%clk 00:56:16]} {[%emt 00:00:22]} 49. Ke1 {[%clk 00:35:53]} {[%emt 00:00:40]}
Ke7 {[%clk 00:55:30]} {[%emt 00:01:15]} 50. Kd1 {[%clk 00:35:36]} {[%emt
00:00:44]} Rb3 {[%clk 00:55:44]} {[%emt 00:00:19]} 51. Rf2 {[%clk 00:35:25]}
{[%emt 00:00:38]} Rd3+ {[%clk 00:55:50]} {[%emt 00:00:27]} 52. Kc1 {[%clk
00:35:14]} {[%emt 00:00:42]} Rb3 {[%clk 00:55:32]} {[%emt 00:00:48]} 53. Kc2
{[%clk 00:34:12]} {[%emt 00:01:30]} d3+ {[%clk 00:55:44]} {[%emt 00:00:20]} 54.
Kxb3 {[%clk 00:34:00]} {[%emt 00:00:43]} Kd6 {[%clk 00:55:16]} {[%emt
00:00:57]} 55. Rd2 {[%clk 00:32:19]} {[%emt 00:02:11]} Kc5 {[%clk 00:55:17]}
{[%emt 00:00:29]} 56. Kc3 {[%clk 00:32:29]} {[%emt 00:00:20]} Kc6 {[%clk
00:55:17]} {[%emt 00:00:30]} 57. Rxd3 {[%clk 00:32:15]} {[%emt 00:00:45]} Bxd3
{[%clk 00:55:39]} {[%emt 00:00:08]} 58. Kxd3 {[%clk 00:32:40]} {[%emt
00:00:04]} Kd6 {[%clk 00:56:01]} {[%emt 00:00:07]} 59. Kc4 {[%clk 00:33:03]}
{[%emt 00:00:07]} Kc6 {[%clk 00:56:23]} {[%emt 00:00:09]} 60. b3 {[%clk
00:33:24]} {[%emt 00:00:10]} Kd6 {[%clk 00:56:39]} {[%emt 00:00:12]} 61. Kb5
{[%clk 00:33:30]} {[%emt 00:00:24]} Kd7 {[%clk 00:56:36]} {[%emt 00:00:33]} 62.
b4 {[%clk 00:33:29]} {[%emt 00:00:31]} Kd6 {[%clk 00:56:59]} {[%emt 00:00:07]}
63. Kb6 {[%clk 00:33:51]} {[%emt 00:00:09]} Kd7 {[%clk 00:57:21]} {[%emt
00:00:08]} 64. Kb7 {[%clk 00:33:56]} {[%emt 00:00:25]} Kd6 {[%clk 00:57:45]}
{[%emt 00:00:06]} 65. b5 {[%clk 00:34:19]} {[%emt 00:00:07]} Kd7 {[%clk
00:58:07]} {[%emt 00:00:07]} 66. b6 {[%clk 00:34:41]} {[%emt 00:00:09]} Kd6
{[%clk 00:58:28]} {[%emt 00:00:08]} 67. Ka7 {[%clk 00:35:03]} {[%emt 00:00:08]}
Kc5 {[%clk 00:58:49]} {[%emt 00:00:09]} 68. b7 {[%clk 00:35:24]} {[%emt
00:00:09]} Kd4 {[%clk 00:59:14]} {[%emt 00:00:05]} 69. b8=Q {[%emt 00:00:08]}
Ke3 {[%clk 00:59:39]} {[%emt 00:00:04]} 70. Qb3+ {[%clk 00:36:08]} {[%emt
00:00:10]} Kf4 {[%clk 01:00:01]} {[%emt 00:00:08]} {Ab Zug 70 nicht
navhvollziehbar} 1-0

[Event "DVM U16w 2023"]
[Site "Magdeburg GER"]
[Date "2023.12.28"]
[Round "4"]
[White "Yan, Jenny"]
[Black "Piffczyk, Claudia"]
[Result "1-0"]
[Termination "normal"]
[Board "9.4"]
[WhiteElo "1155"]
[BlackElo "911"]
[WhiteClock "01:17:33"]
[BlackClock "00:53:16"]
[WhiteTeam "Hamburger SK 1830 2"]
[BlackTeam "SC Garching 1980 2"]
[PlyCount "83"]
[WhiteFideId "34630376"]
[BlackFideId "34639829"]
[EventCountry "GER"]
[EventRounds "7"]
[EventType "team-swiss"]
[EventDate "2023.12.26"]

1. e4 {[%clk 01:30:59]} e5 {[%clk 01:30:54]} {[%emt 00:00:07]} 2. Nf3 {[%clk
01:31:17]} {[%emt 00:00:11]} Nc6 {[%clk 01:31:11]} {[%emt 00:00:13]} 3. Bc4
{[%clk 01:31:35]} {[%emt 00:00:12]} Bc5 {[%clk 01:31:16]} {[%emt 00:00:25]} 4.
c3 {[%clk 01:31:51]} {[%emt 00:00:14]} Nf6 {[%clk 01:29:57]} {[%emt 00:01:50]}
5. d4 {[%clk 01:32:03]} {[%emt 00:00:16]} Bd6 {[%clk 01:25:50]} {[%emt
00:04:38]} 6. dxe5 {[%clk 01:29:29]} {[%emt 00:03:03]} Nxe5 {[%clk 01:21:58]}
{[%emt 00:04:23]} 7. Nxe5 {[%clk 01:27:56]} {[%emt 00:02:03]} Bxe5 {[%clk
01:22:06]} {[%emt 00:00:21]} 8. Bg5 {[%clk 01:27:38]} {[%emt 00:00:49]} O-O
{[%clk 01:22:08]} {[%emt 00:00:29]} 9. Nd2 {[%clk 01:26:37]} {[%emt 00:01:31]}
d6 {[%clk 01:20:43]} {[%emt 00:01:56]} 10. O-O {[%clk 01:25:30]} {[%emt
00:01:37]} c6 {[%clk 01:20:17]} {[%emt 00:00:56]} 11. Re1 {[%clk 01:22:59]}
{[%emt 00:02:59]} Re8 {[%clk 01:10:47]} {[%emt 00:10:00]} 12. f4 {[%clk
01:19:26]} {[%emt 00:04:04]} d5 {[%clk 01:03:36]} {[%emt 00:07:41]} 13. fxe5
{[%clk 01:19:21]} {[%emt 00:00:36]} Rxe5 {[%clk 01:02:00]} {[%emt 00:02:06]}
14. Bxf6 {[%clk 01:19:14]} {[%emt 00:00:36]} Qxf6 {[%clk 01:02:10]} {[%emt
00:00:20]} 15. exd5 {[%clk 01:18:15]} {[%emt 00:01:28]} cxd5 {[%clk 01:02:00]}
{[%emt 00:00:41]} 16. Rxe5 {[%clk 01:17:28]} {[%emt 00:01:18]} Qxe5 {[%clk
01:02:16]} {[%emt 00:00:13]} 17. Qe1 {[%clk 01:16:56]} {[%emt 00:01:02]} Qe6
{[%clk 00:56:21]} {[%emt 00:06:25]} 18. Bb3 {[%clk 01:15:32]} {[%emt 00:01:55]}
Bd7 {[%clk 00:55:30]} {[%emt 00:01:22]} 19. Qxe6 {[%clk 01:13:08]} {[%emt
00:02:53]} Bxe6 {[%clk 00:55:50]} {[%emt 00:00:11]} 20. Rd1 {[%clk 01:12:29]}
{[%emt 00:01:08]} Rd8 {[%clk 00:51:03]} {[%emt 00:05:17]} 21. Nf1 {[%clk
01:11:34]} {[%emt 00:01:24]} b5 {[%clk 00:51:02]} {[%emt 00:00:33]} 22. Ne3
{[%clk 01:11:18]} {[%emt 00:00:45]} a5 {[%clk 00:49:36]} {[%emt 00:01:57]} 23.
Bxd5 {[%clk 01:11:35]} {[%emt 00:00:13]} Bxd5 {[%clk 00:48:44]} {[%emt
00:01:23]} 24. Rxd5 {[%clk 01:11:49]} {[%emt 00:00:15]} Rxd5 {[%clk 00:49:06]}
{[%emt 00:00:09]} 25. Nxd5 {[%clk 01:12:13]} {[%emt 00:00:07]} f5 {[%clk
00:48:56]} {[%emt 00:00:38]} 26. Nc7 {[%clk 01:12:33]} {[%emt 00:00:11]} b4
{[%clk 00:49:13]} {[%emt 00:00:14]} 27. cxb4 {[%clk 01:12:58]} {[%emt
00:00:05]} axb4 {[%clk 00:49:32]} {[%emt 00:00:09]} 28. Nd5 {[%clk 01:13:20]}
{[%emt 00:00:08]} g5 {[%clk 00:49:52]} {[%emt 00:00:11]} 29. Nxb4 {[%clk
01:13:43]} {[%emt 00:00:06]} Kg7 {[%clk 00:50:06]} {[%emt 00:00:16]} 30. a4
{[%clk 01:14:07]} {[%emt 00:00:08]} f4 {[%clk 00:50:24]} {[%emt 00:00:12]} 31.
a5 {[%clk 01:14:27]} {[%emt 00:00:09]} g4 {[%clk 00:50:45]} {[%emt 00:00:08]}
32. a6 {[%clk 01:14:50]} {[%emt 00:00:08]} Kh6 {[%clk 00:51:01]} {[%emt
00:00:12]} 33. a7 {[%clk 01:15:14]} {[%emt 00:00:07]} Kh5 {[%clk 00:51:01]}
{[%emt 00:00:31]} 34. a8=Q {[%clk 01:15:36]} {[%emt 00:00:08]} Kh4 {[%clk
00:51:23]} {[%emt 00:00:06]} 35. Qd8+ {[%clk 01:15:46]} {[%emt 00:00:21]} Kh5
{[%clk 00:51:43]} {[%emt 00:00:10]} 36. g3 {[%clk 01:15:41]} {[%emt 00:00:36]}
fxg3 {[%clk 00:51:47]} {[%emt 00:00:26]} 37. hxg3 {[%clk 01:16:03]} {[%emt
00:00:07]} Kh6 {[%clk 00:51:58]} {[%emt 00:00:18]} 38. Kf2 {[%emt 00:00:20]}
Kg6 {[%clk 00:52:15]} 39. Qf8 {[%clk 01:16:47]} {[%emt 00:00:09]} Kh5 {[%clk
00:52:36]} {[%emt 00:00:09]} 40. Ke3 {[%clk 01:17:08]} {[%emt 00:00:06]} h6
{[%clk 00:53:00]} {[%emt 00:00:08]} 41. Ke4 {[%clk 01:17:11]} {[%emt 00:00:28]}
Kg5 {[%clk 00:53:16]} {[%emt 00:00:14]} 42. Qf5+ {[%clk 01:17:33]} {[%emt
00:00:10]} 1-0

[Event "DVM U16w 2023"]
[Site "Magdeburg GER"]
[Date "2023.12.28"]
[Round "4"]
[White "Kern, Jennifer"]
[Black "Lohrmann, Flavia"]
[Result "1-0"]
[Termination "normal"]
[Board "10.1"]
[WhiteElo "1363"]
[BlackElo "1096"]
[WhiteClock "00:05:17"]
[BlackClock "00:38:27"]
[WhiteTeam "SC Bad Dürkheim-Wachenheim"]
[BlackTeam "SK Freiburg-Zähringen 1887"]
[PlyCount "103"]
[WhiteFideId "16251350"]
[BlackFideId "12982865"]
[EventCountry "GER"]
[EventRounds "7"]
[EventType "team-swiss"]
[EventDate "2023.12.26"]

1. d4 {[%clk 01:30:34]} {[%emt 00:00:26]} d5 {[%clk 01:30:57]} {[%emt
00:00:02]} 2. Nc3 {[%clk 01:30:53]} {[%emt 00:00:11]} Nf6 {[%clk 01:31:17]}
{[%emt 00:00:09]} 3. Bf4 {[%clk 01:31:15]} {[%emt 00:00:10]} a6 {[%clk
01:31:32]} {[%emt 00:00:16]} 4. e3 {[%clk 01:31:00]} {[%emt 00:00:43]} Bf5
{[%clk 01:31:40]} {[%emt 00:00:21]} 5. Bd3 {[%clk 01:30:52]} {[%emt 00:00:39]}
e6 {[%clk 01:31:16]} {[%emt 00:00:53]} 6. Bxf5 {[%clk 01:28:56]} {[%emt
00:02:26]} exf5 {[%clk 01:29:56]} {[%emt 00:01:50]} 7. Bg5 {[%clk 01:28:52]}
{[%emt 00:00:35]} Be7 {[%clk 01:26:36]} {[%emt 00:03:50]} 8. Qf3 {[%clk
01:27:43]} {[%emt 00:01:38]} Qd7 {[%clk 01:26:19]} {[%emt 00:00:47]} 9. Bxf6
{[%clk 01:27:00]} {[%emt 00:01:13]} Bxf6 {[%clk 01:26:17]} {[%emt 00:00:31]}
10. Nxd5 {[%clk 01:26:28]} {[%emt 00:01:04]} Bg5 {[%clk 01:23:45]} {[%emt
00:03:00]} 11. Nc3 {[%clk 01:25:50]} {[%emt 00:01:09]} Nc6 {[%clk 01:22:56]}
{[%emt 00:01:20]} 12. a3 {[%clk 01:22:21]} {[%emt 00:03:58]} O-O-O {[%clk
01:21:48]} {[%emt 00:01:37]} 13. O-O-O {[%clk 01:19:53]} {[%emt 00:02:59]} g6
{[%clk 01:21:31]} {[%emt 00:00:45]} 14. Qe2 {[%clk 01:19:09]} {[%emt 00:01:15]}
Rhe8 {[%clk 01:21:20]} {[%emt 00:00:41]} 15. d5 {[%clk 01:18:12]} {[%emt
00:01:26]} Ne7 {[%clk 01:20:25]} {[%emt 00:01:25]} 16. Nf3 {[%clk 01:17:54]}
{[%emt 00:00:48]} Bf6 {[%clk 01:20:29]} {[%emt 00:00:26]} 17. Na2 {[%clk
01:12:23]} {[%emt 00:06:01]} Qd6 {[%clk 01:14:44]} {[%emt 00:06:15]} 18. Rd3
{[%clk 01:09:46]} {[%emt 00:03:06]} Qb6 {[%clk 01:13:48]} {[%emt 00:01:24]} 19.
Rb3 {[%clk 01:05:15]} {[%emt 00:05:03]} Qc5 {[%clk 01:13:43]} {[%emt 00:00:35]}
20. Nc3 {[%clk 00:43:42]} {[%emt 00:22:03]} Nxd5 {[%clk 01:11:23]} {[%emt
00:02:51]} 21. Nxd5 {[%clk 00:43:19]} {[%emt 00:00:52]} Qxd5 {[%clk 01:10:20]}
{[%emt 00:01:32]} 22. Rd3 {[%clk 00:41:51]} {[%emt 00:01:59]} Qe6 {[%clk
01:07:22]} {[%emt 00:03:29]} 23. Kb1 {[%clk 00:32:07]} {[%emt 00:10:13]} f4
{[%clk 01:05:20]} {[%emt 00:02:32]} 24. Rxd8+ {[%clk 00:28:16]} {[%emt
00:04:21]} Rxd8 {[%clk 01:05:30]} {[%emt 00:00:19]} 25. e4 {[%clk 00:28:17]}
{[%emt 00:00:30]} Bg7 {[%clk 01:03:08]} {[%emt 00:02:52]} 26. Re1 {[%clk
00:27:07]} {[%emt 00:01:40]} Qb6 {[%clk 00:58:28]} {[%emt 00:05:11]} 27. b3
{[%clk 00:23:42]} {[%emt 00:03:55]} Qd6 {[%clk 00:55:45]} {[%emt 00:03:13]} 28.
Ka2 {[%clk 00:20:32]} {[%emt 00:03:39]} Bf8 {[%clk 00:53:42]} {[%emt 00:02:33]}
29. b4 {[%clk 00:19:31]} {[%emt 00:01:31]} Qe6+ {[%clk 00:52:18]} {[%emt
00:01:55]} 30. Kb1 {[%clk 00:19:33]} {[%emt 00:00:28]} Bg7 {[%clk 00:51:08]}
{[%emt 00:01:39]} 31. e5 {[%clk 00:16:35]} {[%emt 00:03:29]} f6 {[%clk
00:49:36]} {[%emt 00:02:02]} 32. exf6 {[%clk 00:14:08]} {[%emt 00:02:57]} Qxf6
{[%clk 00:49:54]} {[%emt 00:00:13]} 33. Qe6+ {[%clk 00:14:06]} {[%emt
00:00:31]} Qxe6 {[%clk 00:49:30]} {[%emt 00:00:53]} 34. Rxe6 {[%clk 00:14:31]}
{[%emt 00:00:06]} Rd1+ {[%clk 00:49:45]} {[%emt 00:00:14]} 35. Ka2 {[%clk
00:14:47]} {[%emt 00:00:15]} Ra1+ {[%clk 00:50:01]} {[%emt 00:00:14]} 36. Kb3
{[%clk 00:15:08]} {[%emt 00:00:10]} Rb1+ {[%clk 00:49:50]} {[%emt 00:00:40]}
37. Kc4 {[%clk 00:13:53]} {[%emt 00:01:45]} b5+ {[%clk 00:49:35]} {[%emt
00:00:45]} 38. Kc5 {[%clk 00:11:35]} {[%emt 00:02:48]} Kd7 {[%clk 00:48:19]}
{[%emt 00:01:46]} 39. Rxa6 {[%clk 00:10:20]} {[%emt 00:01:45]} Bf8+ {[%clk
00:48:17]} {[%emt 00:00:31]} 40. Kxb5 {[%clk 00:10:22]} {[%emt 00:00:29]} Rd1
{[%clk 00:46:24]} {[%emt 00:02:24]} 41. c4 {[%clk 00:10:12]} {[%emt 00:00:39]}
Rf1 {[%clk 00:39:34]} {[%emt 00:07:20]} 42. Ne5+ {[%clk 00:09:51]} {[%emt
00:00:51]} Ke7 {[%clk 00:39:29]} {[%emt 00:00:35]} 43. Rc6 {[%clk 00:09:53]}
{[%emt 00:00:28]} Kd8 {[%clk 00:39:08]} {[%emt 00:00:51]} 44. Rf6 {[%clk
00:05:24]} {[%emt 00:05:00]} Be7 {[%clk 00:38:41]} {[%emt 00:00:55]} 45. Nc6+
{[%clk 00:04:44]} {[%emt 00:01:11]} Ke8 {[%clk 00:38:55]} {[%emt 00:00:16]} 46.
Nxe7 {[%clk 00:05:01]} {[%emt 00:00:13]} Kxe7 {[%clk 00:39:12]} {[%emt
00:00:13]} 47. Rxf4 {[%clk 00:05:25]} {[%emt 00:00:06]} Re1 {[%clk 00:39:18]}
{[%emt 00:00:24]} 48. Kc6 {[%clk 00:05:13]} {[%emt 00:00:42]} g5 {[%clk
00:38:49]} {[%emt 00:00:59]} 49. Rf3 {[%clk 00:04:41]} {[%emt 00:01:02]} Re6+
{[%clk 00:38:18]} {[%emt 00:01:01]} 50. Kxc7 {[%clk 00:04:37]} {[%emt
00:00:34]} Ke8 {[%clk 00:38:29]} {[%emt 00:00:18]} 51. Re3 {[%clk 00:04:51]}
{[%emt 00:00:17]} Rxe3 {[%clk 00:38:27]} {[%emt 00:00:31]} 52. fxe3 {[%clk
00:05:17]} {[%emt 00:00:06]} 1-0

[Event "DVM U16w 2023"]
[Site "Magdeburg GER"]
[Date "2023.12.28"]
[Round "4"]
[White "Nehrukumar, Snikitha"]
[Black "Melnyk, Viktoria"]
[Result "1/2-1/2"]
[Termination "normal"]
[Board "10.2"]
[WhiteElo "1019"]
[BlackElo "989"]
[WhiteClock "00:59:51"]
[BlackClock "00:21:02"]
[WhiteTeam "SK Freiburg-Zähringen 1887"]
[BlackTeam "SC Bad Dürkheim-Wachenheim"]
[PlyCount "71"]
[WhiteFideId "34660569"]
[BlackFideId "34674381"]
[EventCountry "GER"]
[EventRounds "7"]
[EventType "team-swiss"]
[EventDate "2023.12.26"]

1. e4 {[%clk 01:30:54]} {[%emt 00:00:04]} e6 {[%clk 01:30:46]} {[%emt
00:00:16]} 2. Nc3 {[%clk 01:30:56]} {[%emt 00:00:28]} d5 {[%clk 01:30:49]}
{[%emt 00:00:27]} 3. exd5 {[%clk 01:31:04]} {[%emt 00:00:22]} exd5 {[%clk
01:31:03]} {[%emt 00:00:16]} 4. d4 {[%clk 01:31:22]} {[%emt 00:00:11]} Nf6
{[%clk 01:31:11]} {[%emt 00:00:22]} 5. Nf3 {[%clk 01:31:29]} {[%emt 00:00:22]}
Bb4 {[%clk 01:31:06]} {[%emt 00:00:35]} 6. Bd2 {[%clk 01:31:39]} {[%emt
00:00:21]} O-O {[%clk 01:30:59]} {[%emt 00:00:37]} 7. Be2 {[%clk 01:31:41]}
{[%emt 00:00:26]} Nc6 {[%clk 01:30:28]} {[%emt 00:01:01]} 8. O-O {[%clk
01:31:31]} {[%emt 00:00:41]} Bf5 {[%clk 01:29:57]} {[%emt 00:01:00]} 9. a3
{[%clk 01:31:13]} {[%emt 00:00:49]} Bxc3 {[%clk 01:29:58]} {[%emt 00:00:29]}
10. Bxc3 {[%clk 01:31:34]} {[%emt 00:00:08]} Ne4 {[%clk 01:25:36]} {[%emt
00:04:52]} 11. Re1 {[%clk 01:27:47]} {[%emt 00:04:17]} Nxc3 {[%clk 01:22:55]}
{[%emt 00:03:10]} 12. bxc3 {[%clk 01:27:58]} {[%emt 00:00:18]} Qd6 {[%clk
01:19:18]} {[%emt 00:04:08]} 13. Bd3 {[%clk 01:26:54]} {[%emt 00:01:35]} Bxd3
{[%clk 01:17:39]} {[%emt 00:02:08]} 14. Qxd3 {[%clk 01:27:13]} {[%emt
00:00:12]} Ne7 {[%clk 01:13:56]} {[%emt 00:04:09]} 15. Ng5 {[%clk 01:24:54]}
{[%emt 00:02:51]} Ng6 {[%clk 01:13:21]} {[%emt 00:01:06]} 16. Qf3 {[%clk
01:23:21]} {[%emt 00:01:57]} h6 {[%clk 01:06:44]} {[%emt 00:07:13]} 17. Nh3
{[%clk 01:23:02]} {[%emt 00:00:49]} Rfe8 {[%clk 01:04:16]} {[%emt 00:02:58]}
18. a4 {[%clk 01:18:41]} {[%emt 00:04:53]} a5 {[%clk 01:02:35]} {[%emt
00:02:10]} 19. Re3 {[%clk 01:18:15]} {[%emt 00:00:53]} Rxe3 {[%clk 00:59:40]}
{[%emt 00:03:28]} 20. Qxe3 {[%clk 01:16:18]} {[%emt 00:02:26]} Qf6 {[%clk
00:55:12]} {[%emt 00:04:55]} 21. g3 {[%clk 01:14:50]} {[%emt 00:02:01]} Qf5
{[%clk 00:51:40]} {[%emt 00:04:02]} 22. Nf4 {[%clk 01:12:23]} {[%emt 00:02:59]}
Nxf4 {[%clk 00:49:33]} {[%emt 00:02:36]} 23. Qxf4 {[%clk 01:12:42]} {[%emt
00:00:11]} Qxf4 {[%clk 00:48:47]} {[%emt 00:01:15]} 24. gxf4 {[%clk 01:13:03]}
{[%emt 00:00:10]} Re8 {[%clk 00:48:12]} {[%emt 00:01:01]} 25. Kg2 {[%clk
01:13:18]} {[%emt 00:00:19]} Re2 {[%clk 00:45:18]} {[%emt 00:03:24]} 26. Rc1
{[%clk 01:13:03]} {[%emt 00:00:46]} Re4 {[%clk 00:43:34]} {[%emt 00:02:11]} 27.
Kf3 {[%clk 01:13:06]} {[%emt 00:00:28]} g5 {[%clk 00:42:03]} {[%emt 00:02:03]}
28. fxg5 {[%clk 01:11:48]} {[%emt 00:01:49]} hxg5 {[%clk 00:42:08]} {[%emt
00:00:26]} 29. Rg1 {[%clk 01:12:02]} {[%emt 00:00:14]} f6 {[%clk 00:41:45]}
{[%emt 00:00:53]} 30. Rb1 {[%clk 01:11:46]} {[%emt 00:00:46]} b6 {[%clk
00:41:57]} {[%emt 00:00:19]} 31. Rb5 {[%clk 01:11:54]} {[%emt 00:00:22]} Re6
{[%clk 00:35:37]} {[%emt 00:06:48]} 32. Rxd5 {[%clk 01:10:54]} {[%emt
00:01:32]} Rc6 {[%clk 00:35:39]} {[%emt 00:00:25]} 33. Kg4 {[%clk 01:00:23]}
{[%emt 00:11:04]} Rxc3 {[%clk 00:30:49]} {[%emt 00:05:18]} 34. Kf5 {[%clk
00:59:59]} {[%emt 00:00:55]} Rxc2 {[%emt 00:08:03]} 35. Kg6 {[%emt 00:00:49]}
Kf8 {[%clk 00:21:02]} {[%emt 00:01:26]} 36. Rf5 {[%clk 00:59:51]} {[%emt
00:00:37]} 1/2-1/2